Managing successful universities / (Record no. 343872)
[ view plain ]
| 000 -LEADER | |
|---|---|
| fixed length control field | 02728 a2200229 4500 |
| 020 ## - INTERNATIONAL STANDARD BOOK NUMBER | |
| International Standard Book Number | 0335209610 |
| 020 ## - INTERNATIONAL STANDARD BOOK NUMBER | |
| International Standard Book Number | 9780335209613 |
| 082 04 - DEWEY DECIMAL CLASSIFICATION NUMBER | |
| Classification number | 378.101 |
| 090 ## - LOCALLY ASSIGNED LC-TYPE CALL NUMBER (OCLC); LOCAL CALL NUMBER (RLIN) | |
| -- | 1350 |
| -- | 1350 |
| 100 1# - MAIN ENTRY--PERSONAL NAME | |
| Personal name | Shattock, Michael. |
| 245 10 - TITLE STATEMENT | |
| Title | Managing successful universities / |
| Statement of responsibility, etc. | Michael Shattock. |
| 250 ## - EDITION STATEMENT | |
| Edition statement | 1st ed. |
| 260 ## - PUBLICATION, DISTRIBUTION, ETC. | |
| Place of publication, distribution, etc. | [S.l.] : |
| Name of publisher, distributor, etc. | Open University Press, |
| Date of publication, distribution, etc. | 2003. |
| 300 ## - PHYSICAL DESCRIPTION | |
| Extent | 216 p. ; |
| Dimensions | 23 cm. |
| 490 1# - SERIES STATEMENT | |
| Series statement | Society for research into higher education. |
| 500 ## - GENERAL NOTE | |
| General note | Paperback. |
| 520 ## - SUMMARY, ETC. | |
| Summary, etc. | "Michael Shattock is the master craftsman of sturdy self-change. His liberating lessons will be useful not only in Britain but around the world." Professor Burton R. Clark, University of California, Los Angeles "What do we mean by a successful university? How is such success measured? Are our criteria for success consistent with maintaining and enhancing diversity of mission? How can decline be avoided and failure redressed? And what forms of university management are most appropriate to stimulating success? Few people are better qualified by experience and by scholarship to ask and to answer such questions than Michael Shattock. ...this important new book strengthens the argument for seeing good management as a necessary condition for effective and worthwhile teaching, learning and research, and its neglect as a serious threat to core academic values." Professor Sir William Taylor, Former Director, University of London Institute of Education "Michael Shattock is without doubt Britain's leading authority on the dangerously neglected subject of university management ... For some his book will not make comfortable reading." Professor Geoffrey Alderman, Vice-President, American InterContinental University, London This book defines good management in a university context and how it can contribute to university success. It emphasizes the holistic characteristics of university management, the need to be outward looking and entrepreneurial in management style, the importance of maintaining a strong academic/administrative partnership and a continuous dialogue between the centre and academic departments, and the preservation of a self-directed institutional autonomy. It draws on the literature of management in the private sector as well as from higher education, and from the experience of the author. Managing Successful Universities demonstrates how successful universities utilise the market to reinforce academic excellence. |
| 830 #0 - SERIES ADDED ENTRY--UNIFORM TITLE | |
| Uniform title | Society for research into higher education. |
| 856 40 - ELECTRONIC LOCATION AND ACCESS | |
| Materials specified | Amazon.com |
| Uniform Resource Identifier | <a href="http://www.amazon.com/exec/obidos/ASIN/0335209610/chopaconline-20">http://www.amazon.com/exec/obidos/ASIN/0335209610/chopaconline-20</a> |
| 856 40 - ELECTRONIC LOCATION AND ACCESS | |
| Materials specified | Amazon customer reviews |
| Uniform Resource Identifier | <a href="http://www.chopac.org/cgi-bin/tools/azrev.pl?q=0335209610">http://www.chopac.org/cgi-bin/tools/azrev.pl?q=0335209610</a> |
| 942 ## - ADDED ENTRY ELEMENTS (KOHA) | |
| Institution code [OBSOLETE] | NBS |
| Koha item type | Book |
| Call number prefix | 378.0068 SHA |
| Withdrawn status | Lost status | Damaged status | Not for loan | Permanent Location | Current Location | Date acquired | Total Checkouts | Full call number | Barcode | Date last seen | Date last checked out | Price effective from | Koha item type | Source of classification or shelving scheme | Public note |
|---|---|---|---|---|---|---|---|---|---|---|---|---|---|---|---|
| Central Library (CL) | Central Library (CL) | 08/28/2013 | 1 | 378.0068 SHA | NBS7343 | 11/23/2017 | 08/23/2017 | 08/28/2013 | Book | ||||||
| Write Off | Central Library (CL) | Central Library (CL) | 02/23/2021 | 378.0068 SHA | NBS7341 | 02/23/2021 | 02/23/2021 | Book | Write off File No.0908/IRC/NBS Dated Aug 16, 2018 |
